| 000 | 00961nam a2200193 i 4500 | ||
|---|---|---|---|
| 001 | 181273 | ||
| 003 | ES-MaACL | ||
| 005 | 20260201162857.0 | ||
| 008 | 121129s1910 sp |||| | spa d | ||
| 245 | 0 | 0 | _aRelación de los trabajos realizados por la Comisión del Comité de Barcelona en Madrid en el mes de febrero de 1910 en defensa de los intereses agrícolas de las posesiones españolas del Golfo de Guinea en el África Occidental. |
| 260 | 1 |
_a[S.l. : _bs.n.], _c1910 ( _eMadrid : _fImp. Ducazcal) |
|
| 300 |
_a69 p. ; _c22 cm. |
||
| 490 | 1 | _aPublicaciones del Comité de la Cámara Agrícola Oficial de Fernando Póo en Barcelona | |
| 650 | 4 |
_aAgricultura- _zGuinea Ecuatorial. _9141613 |
|
| 710 | 2 |
_aCámara Oficial Agrícola de Comercio e Industria de Fernando Poo _92371 |
|
| 830 | 0 |
_aPublicaciones del Comité de la Cámara Agrícola Oficial de Fernando Póo en Barcelona _9224712 |
|
| 852 |
_aES-MaACL _jT-1377-F-6 |
||
| 999 |
_c181273 _d181273 |
||